विकलांगता : (Record no. 112430)

MARC details
000 -LEADER
fixed length control field 01104nam a22002537a 4500
005 - DATE AND TIME OF LATEST TRANSACTION
control field 20170124102938.0
010 ## - LIBRARY OF CONGRESS CONTROL NUMBER
LC control number B-000763
020 ## - INTERNATIONAL STANDARD BOOK NUMBER
Terms of availability 300.00
035 ## - SYSTEM CONTROL NUMBER
System control number B-000763
037 ## - SOURCE OF ACQUISITION
Source of stock number/acquisition Cen Lib/Ret
040 ## - CATALOGING SOURCE
Original cataloging agency DPL
Language of cataloging HN
082 ## - DEWEY DECIMAL CLASSIFICATION NUMBER
Classification number 362.4
Item number मिश्रवि
100 ## - MAIN ENTRY--PERSONAL NAME
Personal name मिश्र, विनोद कुमार
9 (RLIN) 47403
245 ## - TITLE STATEMENT
Title विकलांगता :
Statement of responsibility, etc विनोद कुमार मिश्र
Remainder of title समस्याएं व समाधान /
246 ## - VARYING FORM OF TITLE
Title proper/short title Viklangta : samasyayen va samadhan
Remainder of title by Vinod Kumar Mishra
260 ## - PUBLICATION, DISTRIBUTION, ETC. (IMPRINT)
Place of publication, distribution, etc नयी दिल्ली
Name of publisher, distributor, etc जगतराम एंड संस
Date of publication, distribution, etc 2000
270 ## - ADDRESS
Address 4855/24 , अंसारी रोड , दरिया गंज
City नयी दिल्ली
Postal code 110002
300 ## - PHYSICAL DESCRIPTION
Extent 295पृ.
Dimensions 21सेमी (सजिल्द)
650 ## - SUBJECT ADDED ENTRY--TOPICAL TERM
Topical term or geographic name as entry element विकलांगता
9 (RLIN) 47404
650 ## - SUBJECT ADDED ENTRY--TOPICAL TERM
Topical term or geographic name as entry element कारण और समाधान
9 (RLIN) 34133
650 ## - SUBJECT ADDED ENTRY--TOPICAL TERM
Topical term or geographic name as entry element Disability
9 (RLIN) 47405
650 ## - SUBJECT ADDED ENTRY--TOPICAL TERM
Topical term or geographic name as entry element Causes and Solutions
9 (RLIN) 47406
942 ## - ADDED ENTRY ELEMENTS (KOHA)
Source of classification or shelving scheme Dewey Decimal Classification
Koha item type Hindi Books
Classification part 362.4
Call number suffix मिश्रवि
Holdings
Withdrawn status Lost status Damaged status Not for loan Home library Current library Date acquired Source of acquisition Cost, normal purchase price Total Checkouts Full call number Barcode Date last seen Date checked out Copy number Cost, replacement price Price effective from Koha item type
        Central Library Central Library 08/08/2015 Cen Lib/Ret 300.00 2 362.4 मिश्रवि B-000763 15/01/2018 01/01/2018 1 300.00 08/08/2015 Hindi Books

© Delhi Public Library
Hit Counter
free hit counter